MARC
| LEADER | 00000 a a2200000 04500 | ||
|---|---|---|---|
| 001 | 17276 | ||
| 003 | |||
| 040 | |||
| 100 | |a Pérez Gil-Romo, Sara Elena | ||
| 245 | |a Estudios sobre alimentación y nutrición en México: |b una mirada a través del género / |c Sara Elena Pérez Gil-Romo ; Díez-Silvia Urdanivia Coria | ||
| 650 | |a ALIMENTOS | ||
| 650 | |a NUTRICION | ||
| 650 | |a GENERO | ||
| 650 | |a SALUD | ||
| 650 | |a MEXICO | ||
| 700 | |a Díez-Urdanivia Coria, Silvia | ||
| 773 | |g volumen 49, número 6; páginas 445-453 | ||
| 999 | |c 33319 |d 33319 | ||
